000 00957nam a2200241 a 4500
001 13348
003 BD-JhCC
005 20230909102207.0
008 230909b2020 bg |||| ||a| 000 0 ben d
020 _a9789849432395
035 _a(BD-JhCC)13348
040 _aBD-JhCC
_dBD-JhCC
041 _abengali
082 _a297.74
_bNAI 2020
100 _aনাঈম, ড. মুহাম্মদ ‍বিন ইবরাহীম আন
245 _aদুআ যদি পেতে চাও /
_cড. মুহাম্মদ ‍বিন ইবরাহীম আন নাঈম,অনু: মাওলানা হামদুল্লাহ লাবীব।
260 _aঢাকা:
_bমাকতাবাতুল ফুরকান;
_c2020.
300 _a102 p. :
_c22 cm.
650 _aDawah
_xReligious Life
_zIslam
700 _aলাবীব, মাওলানা হামদুল্লাহ
942 _2ddc
_cBK
999 _c13348
_d13348